| 000 | 00593nam a22002177a 4500 | ||
|---|---|---|---|
| 003 | SISC | ||
| 005 | 20160302131239.0 | ||
| 008 | 130729t xxu||||| |||| 00| 0 eng d | ||
| 020 | _a0817227636 | ||
| 050 |
_aPR 3724 _b.T468 1991 |
||
| 082 |
_aKF _bSw5g 1991 |
||
| 100 |
_aThompson, Kathleen _95747 |
||
| 245 |
_aGullliver's travel / _cKathleen Thompson. |
||
| 260 |
_aUSA : _bRaintree Publishers Limited Company, _c1991 |
||
| 300 |
_a48 p. ; _bill. col. ; _c23 cm. |
||
| 562 | _e1 | ||
| 650 |
_aFantasy _93293 |
||
| 700 |
_aThompson, Kathleen _95748 |
||
| 942 |
_2lcc _cBK |
||
| 999 |
_c8093 _d8093 |
||